[Event "Elit(Wasa-Kungstornet)"]
[Site "?"]
[Date "2023.01.22"]
[Round "5"]
[White "Andersson, Fredrik"]
[Black "Bellon Lopez, Juan"]
[Result "1/2-1/2"]
[WhiteElo "2242"]
[BlackElo "2314"]
[PlyCount "63"]
[SourceVersionDate "2023.02.09"]

1. e4 c5 2. Nf3 e6 3. d4 cxd4 4. Nxd4 a6 5. Nc3 d6 6. Bd3 g6 7. O-O Bg7 8. Nb3
Nc6 9. f4 Nf6 10. Qf3 Qc7 11. Be3 Bd7 12. a4 Rc8 13. a5 Nb4 14. Bb6 Qb8 15.
Rae1 O-O 16. Bd4 e5 17. fxe5 Ng4 18. e6 Bxe6 19. Bxg7 Kxg7 20. Nd5 Bxd5 21.
exd5 Ne5 22. Qf6+ Kg8 23. Be4 Nxc2 24. Re2 Ne3 25. Rxe3 Qa7 26. Rfe1 Rfe8 27.
h3 Nc4 28. Nd4 Nxe3 29. Rxe3 Re5 30. Rd3 Rc4 31. Kh2 Rxe4 32. Nf5 1/2-1/2

[Event "Elit(Wasa-Kungstornet)"]
[Site "?"]
[Date "2023.01.22"]
[Round "5"]
[White "Ostlund, Joar"]
[Black "Aronsson, Marten"]
[Result "0-1"]
[WhiteElo "2234"]
[BlackElo "2221"]
[PlyCount "118"]
[SourceVersionDate "2023.02.09"]

1. d4 d5 2. c4 c6 3. Nf3 Nf6 4. Nc3 dxc4 5. a4 Bf5 6. Ne5 e6 7. f3 Bb4 8. e4
Bxe4 9. fxe4 Nxe4 10. Bd2 Qxd4 11. Nxe4 Qxe4+ 12. Qe2 Bxd2+ 13. Kxd2 Qd5+ 14.
Kc2 Na6 15. Nxc4 O-O-O 16. Qe5 f6 17. Qxd5 cxd5 18. Na5 Nc5 19. b4 Ne4 20. Bd3
Nd6 21. Nb3 e5 22. g4 h5 23. h3 Kb8 24. Bf5 Rh6 25. Rad1 Nc4 26. Rde1 hxg4 27.
hxg4 Rdh8 28. Rxh6 Rxh6 29. Be6 Rh2+ 30. Kc1 Nb2 31. Nc5 b6 32. Na6+ Kb7 33. b5
Nd3+ 34. Kd1 Nxe1 35. Bxd5+ Kc8 36. Kxe1 Kd7 37. Nb8+ Kd6 38. Bb3 g6 39. Nc6 f5
40. gxf5 gxf5 41. Nxa7 e4 42. Nc6 Rb2 43. Bf7 f4 44. Bh5 f3 45. Nd4 f2+ 46. Kf1
Ke5 47. Ne2 e3 48. Nc3 Rb3 49. Nd1 Rb1 50. Kg2 Kd4 51. Be2 Ra1 52. Bf3 Rxa4 53.
Be2 Ra2 54. Kf1 Ra1 55. Kg2 Rc1 56. Kf1 Rc5 57. Kg2 Rf5 58. Bf1 Rf7 59. Kg3 e2
0-1

[Event "Elit(Stockholms SS-Vasteras)"]
[Site "?"]
[Date "2023.01.22"]
[Round "5"]
[White "Bergstrom, Peter"]
[Black "Olund, Joar"]
[Result "1/2-1/2"]
[WhiteElo "2315"]
[BlackElo "2406"]
[PlyCount "47"]
[EventDate "2023.??.??"]
[SourceVersionDate "2023.02.09"]

1. e4 c6 2. d4 d5 3. Nc3 dxe4 4. Nxe4 Bf5 5. Ng3 Bg6 6. h4 h6 7. Nf3 Nd7 8. h5
Bh7 9. Bd3 Bxd3 10. Qxd3 e6 11. Bd2 Ngf6 12. O-O-O Be7 13. Ne4 Nxe4 14. Qxe4
Nf6 15. Qe2 Qd5 16. c4 Qe4 17. Qxe4 Nxe4 18. Be3 O-O 19. Ne5 Rfd8 20. g4 c5 21.
f3 cxd4 22. Bxd4 Nf6 23. b3 Nd7 24. Nxd7 1/2-1/2

[Event "Elit(Farsta-Rockaden,Sthlm)"]
[Site "?"]
[Date "2023.01.22"]
[Round "5"]
[White "Blomqvist, Erik"]
[Black "Livner, Anders"]
[Result "1/2-1/2"]
[WhiteElo "2538"]
[BlackElo "2356"]
[PlyCount "90"]
[SourceVersionDate "2023.02.09"]

1. e4 c6 2. d4 d5 3. e5 Bf5 4. c4 e6 5. Nc3 dxc4 6. Bxc4 Nd7 7. Nge2 Nb6 8. Bb3
Ne7 9. Ng3 Bg6 10. h4 h6 11. h5 Bh7 12. O-O Qd7 13. Qg4 O-O-O 14. Rd1 Nf5 15.
Nge4 Nd5 16. Na4 Qc7 17. Bd2 Kb8 18. Be1 g6 19. Bxd5 gxh5 20. Qxh5 Bg6 21. Qh3
Rxd5 22. Nac3 Rd8 23. Rac1 Nxd4 24. Qe3 Nf5 25. Rxd8+ Qxd8 26. Qf4 Qh4 27. g4
h5 28. f3 Bh6 29. Qxh6 Qxe1+ 30. Rxe1 Nxh6 31. gxh5 Bxh5 32. Nf6 Bxf3 33. Re3
Bg4 34. Re4 Rd8 35. Kf2 Bd1 36. Rh4 Nf5 37. Rh7 Bc2 38. Rxf7 Kc8 39. b3 Rd2+
40. Ke1 Rd3 41. Na4 Rd1+ 42. Kf2 Rd2+ 43. Ke1 Rd1+ 44. Kf2 Rd2+ 45. Ke1 Rd1+
1/2-1/2

[Event "Elit(Stockholms SS-Vasteras)"]
[Site "?"]
[Date "2023.01.22"]
[Round "5"]
[White "Thorn, Eric"]
[Black "Carlsson, Ludvig"]
[Result "1-0"]
[WhiteElo "2402"]
[BlackElo "2349"]
[PlyCount "149"]
[SourceVersionDate "2023.02.09"]

1. d4 Nf6 2. c4 e6 3. Nf3 b6 4. a3 Bb7 5. Nc3 d5 6. cxd5 Nxd5 7. Qc2 Be7 8. e4
Nxc3 9. bxc3 c5 10. Bb5+ Bc6 11. Bd3 O-O 12. O-O b5 13. Rd1 c4 14. Be2 Bb7 15.
Rb1 f5 16. exf5 Qd5 17. Ne1 Rxf5 18. Bf3 Rxf3 19. Nxf3 Nd7 20. Re1 Rf8 21. Qe2
Rf6 22. h4 h6 23. a4 a6 24. axb5 axb5 25. Ra1 Rg6 26. Kf1 Bd6 27. Ra7 Nb6 28.
Rxb7 Qxb7 29. Bd2 Qd5 30. Qe4 Qxe4 31. Rxe4 Nd5 32. Ne5 Bxe5 33. dxe5 h5 34. f3
Rh6 35. Bxh6 gxh6 36. Ke1 Nxc3 37. Re3 Nd5 38. Ra3 b4 39. Ra7 Kf8 40. Kd2 b3
41. Kc1 c3 42. Rb7 b2+ 43. Kc2 Ke8 44. f4 Kd8 45. f5 Kc8 46. Rb5 Kd7 47. f6 Ke8
48. Rb8+ Kf7 49. Rb7+ Kf8 50. Rb8+ Kf7 51. Rb7+ Kf8 52. Rb3 Kf7 53. Rb8 Ne3+
54. Kxc3 Nxg2 55. Rb7+ Kf8 56. Rxb2 Nxh4 57. Rh2 Nf3 58. Rxh5 Kf7 59. Kd3 Kg6
60. Ke3 Ng5 61. Rh1 Kf5 62. Rf1+ Kg6 63. Kf4 Nh3+ 64. Kg4 Ng5 65. Kh4 Nf7 66.
Rg1+ Ng5 67. Rxg5+ hxg5+ 68. Kg4 Kh6 69. f7 Kg7 70. Kxg5 Kxf7 71. Kh6 Ke8 72.
Kg6 Kf8 73. Kf6 Ke8 74. Kxe6 Kf8 75. Kd7 1-0

[Event "Elit(Farsta-Rockaden,Sthlm)"]
[Site "?"]
[Date "2023.01.22"]
[Round "5"]
[White "Ong, Kezli"]
[Black "Seo, Jung Min"]
[Result "0-1"]
[WhiteElo "2299"]
[BlackElo "2516"]
[PlyCount "130"]
[SourceVersionDate "2023.02.09"]

1. e4 c5 2. Nf3 Nc6 3. Bb5 e6 4. Bxc6 bxc6 5. d3 Ne7 6. Nc3 Qc7 7. O-O Ng6 8.
Be3 Be7 9. Ne1 e5 10. Ne2 d5 11. f4 exf4 12. Nxf4 dxe4 13. dxe4 O-O 14. c4 Ne5
15. Nfd3 Nxc4 16. Bf4 Qb6 17. Qc2 Nd6 18. Ne5 c4+ 19. Kh1 Be6 20. N5f3 Nb5 21.
Ng5 Nd4 22. Qf2 c5 23. Nef3 Rad8 24. Rae1 h6 25. Nxe6 Qxe6 26. Qg3 Kh7 27. h3
Nc2 28. Re2 Nb4 29. a3 Nd3 30. Bc7 Rde8 31. h4 f5 32. e5 f4 33. Qh2 Qg4 34. Ba5
Rf5 35. Qh3 Qxh3+ 36. gxh3 Rh5 37. Bc3 Bxh4 38. Kg2 Bf6 39. Re4 Re6 40. Rxc4
Bxe5 41. Nxe5 Nxe5 42. Bxe5 Rg6+ 43. Kf3 Rxe5 44. Rxf4 Rb6 45. b4 Ra6 46. Ra1
cxb4 47. Rxb4 Rf5+ 48. Kg3 Rg6+ 49. Rg4 Rxg4+ 50. Kxg4 Rc5 51. a4 Rc4+ 52. Kg3
a5 53. Ra3 g5 54. Kg2 Kg6 55. Kg3 Kh5 56. Ra2 Rc3+ 57. Kg2 Kh4 58. Rd2 Rg3+ 59.
Kf2 Rxh3 60. Rd5 Ra3 61. Rxa5 g4 62. Ra8 h5 63. a5 g3+ 64. Ke2 Kh3 65. a6 g2
0-1

[Event "Elit(Limhamn-Eksjo)"]
[Site "?"]
[Date "2023.01.22"]
[Round "5"]
[White "Heberla, Bartlomiej"]
[Black "Haubro, Martin"]
[Result "0-1"]
[WhiteElo "2567"]
[BlackElo "2395"]
[PlyCount "113"]
[SourceVersionDate "2023.02.04"]

1. d4 d5 2. c4 e6 3. Nc3 a6 4. cxd5 exd5 5. Bf4 Nf6 6. e3 Bd6 7. Bg5 Be6 8. Bd3
Nbd7 9. Nge2 h6 10. Bh4 Qe7 11. Rc1 O-O 12. h3 Rfe8 13. O-O c5 14. dxc5 Nxc5
15. Bb1 Rad8 16. Qd4 Ncd7 17. Rfd1 b5 18. Nxd5 Bxd5 19. Qxd5 Nxd5 20. Bxe7 Bxe7
21. Rxd5 Nb6 22. Rxd8 Rxd8 23. Nd4 Bf6 24. Rc6 Bxd4 25. exd4 Rxd4 26. Bf5 Rd1+
27. Kh2 Rd5 28. g4 g6 29. Bxg6 Rd2 30. Rxb6 fxg6 31. Rxg6+ Kh7 32. Rf6 Kg7 33.
Rf3 Rxb2 34. a3 a5 35. Kg2 a4 36. Rf5 Rb3 37. f3 Kg6 38. h4 Rxa3 39. Rxb5 Rb3
40. Ra5 a3 41. Ra6+ Kg7 42. Kg3 Rd3 43. Ra7+ Kg6 44. Ra6+ Kg7 45. g5 h5 46. Kf4
Rb3 47. Ra4 Kg6 48. Ke4 a2 49. Ra6+ Kg7 50. Rxa2 Rb4+ 51. Kf5 Rxh4 52. f4 Rg4
53. Ra7+ Kg8 54. Kg6 Rxf4 55. Ra8+ Rf8 56. Rxf8+ Kxf8 57. Kh7 0-1

[Event "Elit(Stockholms SS-Vasteras)"]
[Site "?"]
[Date "2023.01.22"]
[Round "5"]
[White "Akesson, Ralf"]
[Black "Hauge, Lars Oskar"]
[Result "1/2-1/2"]
[WhiteElo "2407"]
[BlackElo "2512"]
[PlyCount "38"]
[SourceVersionDate "2023.02.09"]

1. d4 f5 2. g3 Nf6 3. Bg2 g6 4. b3 Bg7 5. Bb2 O-O 6. Nf3 e6 7. O-O Ne4 8. c4 d6
9. Qc2 Nc6 10. Rd1 Qe7 11. Ne1 e5 12. e3 Bd7 13. dxe5 Nxe5 14. Nc3 Nxc3 15.
Bxc3 Rab8 16. Nd3 Nxd3 17. Qxd3 b6 18. b4 Be6 19. Bd5 Bxc3 1/2-1/2

[Event "Elit(Farsta-Rockaden,Sthlm)"]
[Site "?"]
[Date "2023.01.22"]
[Round "5"]
[White "Socko, Bartosz"]
[Black "Degerman, Lars"]
[Result "1-0"]
[WhiteElo "2620"]
[BlackElo "2432"]
[PlyCount "73"]
[SourceVersionDate "2023.02.09"]

1. d4 Nf6 2. c4 g6 3. g3 Bg7 4. Bg2 d5 5. cxd5 Nxd5 6. e4 Nb6 7. Ne2 c5 8. d5
e6 9. O-O exd5 10. exd5 O-O 11. Nec3 Bf5 12. g4 Bd7 13. a4 Na6 14. Nd2 Nb4 15.
a5 Nc8 16. Nde4 c4 17. Bg5 f6 18. Be3 Nd3 19. Nc5 Nd6 20. Ne6 Bxe6 21. dxe6 f5
22. Nd5 Re8 23. e7 Qd7 24. b3 f4 25. Nxf4 Rxe7 26. bxc4 Nxf4 27. Bxf4 Bxa1 28.
Qxd6 Bc3 29. a6 Rd8 30. Qa3 Be5 31. Bg5 Bd6 32. c5 Bb8 33. Qb3+ Kg7 34. Qxb7
Qxb7 35. axb7 Rde8 36. Bxe7 Rxe7 37. Rd1 1-0

[Event "Elit(Stockholms SS-Vasteras)"]
[Site "?"]
[Date "2023.01.22"]
[Round "5"]
[White "Lokander, Martin"]
[Black "Norberg, Johan"]
[Result "1-0"]
[WhiteElo "2443"]
[BlackElo "2279"]
[PlyCount "71"]
[SourceVersionDate "2023.02.09"]

1. d4 d6 2. Nf3 Bg4 3. e4 Nf6 4. Nc3 c6 5. h3 Bxf3 6. Qxf3 e5 7. dxe5 dxe5 8.
Bd2 Bb4 9. O-O-O Nbd7 10. g4 O-O 11. g5 Ne8 12. h4 Nc7 13. a3 Ba5 14. Bc4 b5
15. Ba2 Ne6 16. g6 hxg6 17. Rdg1 Bxc3 18. bxc3 Qe7 19. h5 g5 20. Qf5 Nb6 21. h6
g6 22. h7+ Kg7 23. Qxe5+ Qf6 24. Qxf6+ Kxf6 25. c4 Na4 26. cxb5 cxb5 27. Bxe6
Kxe6 28. Rxg5 a6 29. Be3 Nc3 30. f3 Rh8 31. Kb2 Na4+ 32. Kb3 Rad8 33. c3 Rd3
34. Bd4 Rd2 35. Kb4 Ra8 36. Ka5 1-0

[Event "Elit(Farsta-Rockaden,Sthlm)"]
[Site "?"]
[Date "2023.01.22"]
[Round "5"]
[White "Lindeman, Sven"]
[Black "Neiksans, Arturs"]
[Result "0-1"]
[WhiteElo "2160"]
[BlackElo "2606"]
[PlyCount "60"]
[SourceVersionDate "2023.02.09"]

1. e4 c5 2. Nf3 e6 3. d3 Nc6 4. g3 d6 5. Bg2 Nf6 6. O-O Be7 7. Re1 O-O 8. c3 b5
9. d4 Bb7 10. Na3 b4 11. Nc2 bxc3 12. bxc3 d5 13. Rb1 Ba6 14. exd5 Nxd5 15. Bd2
Bd3 16. dxc5 Bxc5 17. Rb2 Rc8 18. Bg5 Nxc3 19. Qd2 Ne7 20. Bxe7 Bxe7 21. Ne5
Na4 22. Rb7 Bxc2 23. Rd7 Qe8 24. Rc1 Bf6 25. Rxa7 Bxe5 26. Rxc2 Nc3 27. a4 Rd8
28. Qg5 Bf6 29. Qg4 Rd1+ 30. Bf1 Qb8 0-1

[Event "Elit(Stockholms SS-Kungstornet)"]
[Site "?"]
[Date "2023.01.21"]
[Round "4"]
[White "Aronsson, Marten"]
[Black "Olund, Joar"]
[Result "1/2-1/2"]
[WhiteElo "2221"]
[BlackElo "2406"]
[PlyCount "151"]
[SourceVersionDate "2023.02.08"]

1. Nf3 d5 2. d4 Nf6 3. g3 c6 4. Bg2 Bf5 5. Nh4 Be6 6. O-O g6 7. Nd2 Bg7 8. c3
O-O 9. Qc2 Qc8 10. Re1 c5 11. Nb3 cxd4 12. Nxd4 Bh3 13. Qb3 Bxg2 14. Nxg2 e5
15. Nf3 Nbd7 16. Bg5 Nc5 17. Qb5 Nfe4 18. Be7 Re8 19. Bxc5 Nxc5 20. Rad1 Qc6
21. Qb4 Ne4 22. Ne3 a5 23. Qb3 a4 24. Qxd5 a3 25. bxa3 Nxc3 26. Qxc6 bxc6 27.
Rd6 e4 28. Nd4 c5 29. Nb3 Rxa3 30. Nxc5 Rxa2 31. Kf1 Rc8 32. Nb3 Rb2 33. Nd2 h5
34. Ndc4 Rbb8 35. Rc1 Nb5 36. Rd7 Bh6 37. Rc2 Rd8 38. Rcd2 Rxd7 39. Rxd7 Bxe3
40. Nxe3 Nc3 41. Nd5 Rb1+ 42. Kg2 Nxd5 43. Rxd5 Kg7 44. e3 Kf6 45. h4 Rb4 46.
Ra5 Rc4 47. Ra6+ Kf5 48. Ra5+ Ke6 49. Ra6+ Kd5 50. Rf6 Rc7 51. Ra6 Rd7 52. Ra4
Ke5 53. Ra6 f6 54. Ra5+ Rd5 55. Ra8 Kf5 56. Re8 Rc5 57. Rh8 Kg4 58. Rh6 Kf5 59.
Rh8 Rc7 60. Ra8 Re7 61. Rh8 Kg4 62. Rf8 Re6 63. Rf7 g5 64. hxg5 fxg5 65. Rf8
Re5 66. Rf7 Re6 67. Rf8 Rh6 68. Re8 Kf5 69. Rf8+ Ke5 70. Re8+ Kd5 71. Rd8+ Ke5
72. Re8+ Kf5 73. Rf8+ Rf6 74. Rh8 Kg6 75. Re8 Kf5 76. Rh8 1/2-1/2

[Event "Elit(Stockholms SS-Kungstornet)"]
[Site "?"]
[Date "2023.01.21"]
[Round "4"]
[White "Cederstam, Carl"]
[Black "Andersson, Fredrik"]
[Result "1-0"]
[WhiteElo "2271"]
[BlackElo "2242"]
[PlyCount "99"]
[SourceVersionDate "2023.02.08"]

1. e4 c5 2. Nf3 d6 3. d4 cxd4 4. Nxd4 Nf6 5. Nc3 Nc6 6. Bg5 e6 7. Qd2 a6 8.
O-O-O Bd7 9. Kb1 Be7 10. Nxc6 Bxc6 11. f3 b5 12. h4 Qc7 13. Ne2 O-O 14. g4 Rfc8
15. Ng3 a5 16. Rg1 b4 17. Bd3 a4 18. Nh5 Ne8 19. Bxe7 Qxe7 20. g5 a3 21. b3
Rab8 22. f4 g6 23. Ng3 Qa7 24. Ne2 Bb5 25. h5 Rc7 26. hxg6 hxg6 27. Rh1 Bxd3
28. Qxd3 Qc5 29. Rd2 Qf2 30. Qh3 Kf8 31. Rf1 Qc5 32. f5 Qe5 33. Nd4 exf5 34.
exf5 gxf5 35. Qh6+ Qg7 36. Qh4 Rc5 37. g6 Qxg6 38. Qh8+ Qg8 39. Qxg8+ Kxg8 40.
Nxf5 Rb6 41. Rg2+ Kf8 42. Nd4 Nc7 43. Rgf2 Ra6 44. Rxf7+ Kg8 45. c4 Ra8 46. Rd7
d5 47. Nf5 dxc4 48. Nh6+ Kh8 49. Rff7 cxb3 50. Rh7# 1-0

[Event "Elit(Stockholms SS-Kungstornet)"]
[Site "?"]
[Date "2023.01.21"]
[Round "4"]
[White "Henriksson, Johan"]
[Black "Renman, Nils-Gustaf"]
[Result "1-0"]
[WhiteElo "2267"]
[BlackElo "2340"]
[PlyCount "65"]
[SourceVersionDate "2023.02.08"]

1. d4 d5 2. Nf3 Nf6 3. c4 c6 4. Nc3 e6 5. g3 dxc4 6. Bg2 Nbd7 7. O-O Bb4 8. Nd2
Nb6 9. e3 e5 10. dxe5 Ng4 11. Nf3 Qe7 12. Qd4 c5 13. Qf4 Bxc3 14. bxc3 h6 15.
a4 g5 16. Qe4 f5 17. Qc2 O-O 18. h3 Nxe5 19. Nxe5 Qxe5 20. f4 gxf4 21. exf4 Qg7
22. a5 Nd7 23. Kh2 Rb8 24. Bd5+ Kh8 25. Bxc4 Nf6 26. Bd3 Nd5 27. Rb1 Qc7 28. c4
Nb4 29. Rxb4 cxb4 30. Bb2+ Kg8 31. Be5 Qxa5 32. Bxb8 Be6 33. Be5 1-0

[Event "Elit(Stockholms SS-Kungstornet)"]
[Site "?"]
[Date "2023.01.21"]
[Round "4"]
[White "Tuomainen, Felix"]
[Black "Larsson, Anders"]
[Result "0-1"]
[WhiteElo "2232"]
[BlackElo "2221"]
[PlyCount "64"]
[SourceVersionDate "2023.02.08"]

1. d4 e6 2. c4 Bb4+ 3. Bd2 Bxd2+ 4. Qxd2 Nf6 5. Nc3 d5 6. Nf3 O-O 7. e3 Qe7 8.
Bd3 Nbd7 9. O-O dxc4 10. Bxc4 e5 11. Qc2 c6 12. Rfd1 e4 13. Ng5 Nb6 14. Bb3
Nfd5 15. Nxd5 cxd5 16. f4 h6 17. Nh3 Bxh3 18. gxh3 Rac8 19. Qf2 Rc6 20. Kh1
Rfc8 21. Rg1 a5 22. Raf1 Qf6 23. Rg2 Rc1 24. Bd1 Ra1 25. Rfg1 Rcc1 26. Bg4
Rxg1+ 27. Rxg1 Rxa2 28. Qc2 Nc4 29. Rb1 Qb6 30. Bf5 Rxb2 31. Rxb2 Qxb2 32. Bxe4
Qxc2 0-1

[Event "Elit(Rockaden, Sthlm-Vasteras)"]
[Site "?"]
[Date "2023.01.21"]
[Round "4"]
[White "Bergstrom, Peter"]
[Black "Socko, Bartosz"]
[Result "0-1"]
[WhiteElo "2315"]
[BlackElo "2620"]
[PlyCount "82"]
[SourceVersionDate "2023.02.03"]

1. e4 c6 2. d4 d5 3. Nc3 dxe4 4. Nxe4 Bf5 5. Ng3 Bg6 6. h4 h6 7. Nf3 e6 8. Ne5
Bh7 9. Bd3 Bxd3 10. Qxd3 Nd7 11. Qe2 Ngf6 12. Bd2 c5 13. Nxd7 Qxd7 14. dxc5
Bxc5 15. O-O-O Qa4 16. Bc3 Be7 17. Kb1 Rc8 18. Bxf6 Bxf6 19. Ne4 Be7 20. g4 O-O
21. g5 h5 22. Rd3 Rfd8 23. Rhd1 Rxd3 24. Rxd3 Rd8 25. b3 Qa5 26. c3 Qf5 27. Re3
g6 28. Kb2 Qf4 29. Rh3 Rd5 30. Qf3 Rd2+ 31. Kb1 Qxf3 32. Rxf3 Rd1+ 33. Kc2 Rh1
34. Rf4 e5 35. Ng3 Rh2 36. Nf1 Rg2 37. Ne3 Rxg5 38. Re4 Rg1 39. Nd5 Bd8 40. f4
Bxh4 41. fxe5 Bg5 0-1

[Event "Elit(Farsta-Wasa)"]
[Site "?"]
[Date "2023.01.21"]
[Round "4"]
[White "Amin, Bassem"]
[Black "Livner, Anders"]
[Result "1-0"]
[WhiteElo "2684"]
[BlackElo "2356"]
[PlyCount "81"]
[SourceVersionDate "2023.02.08"]

1. e4 c6 2. d4 d5 3. exd5 cxd5 4. Bd3 Nc6 5. c3 Nf6 6. Bf4 Bg4 7. Qb3 Qd7 8.
Nd2 e6 9. Ngf3 Bd6 10. Bxd6 Qxd6 11. O-O O-O 12. Rae1 Ne7 13. Ne5 Bf5 14. Bxf5
Nxf5 15. Qxb7 Rab8 16. Qxa7 Rxb2 17. Nb3 h5 18. h3 Rc2 19. Rc1 Rxc1 20. Rxc1
Ne4 21. c4 Qd8 22. cxd5 Nh4 23. Qa6 exd5 24. Qd3 Qg5 25. g3 Ng6 26. Nxg6 fxg6
27. Rc2 Qf5 28. Nc5 Kh7 29. Nxe4 dxe4 30. Qe3 Qd5 31. Re2 h4 32. Qxe4 Qxe4 33.
Rxe4 hxg3 34. fxg3 Rf3 35. Kg2 Ra3 36. Re2 Rd3 37. a4 Ra3 38. d5 Rxa4 39. Rd2
Ra7 40. d6 Rd7 41. Kf3 1-0

[Event "Elit(Rockaden, Sthlm-Vasteras)"]
[Site "?"]
[Date "2023.01.21"]
[Round "4"]
[White "Neiksans, Arturs"]
[Black "Akesson, Ralf"]
[Result "1-0"]
[WhiteElo "2606"]
[BlackElo "2407"]
[PlyCount "81"]
[SourceVersionDate "2023.02.03"]

1. e4 c6 2. Nf3 d5 3. d3 Bg4 4. h3 Bh5 5. Nc3 d4 6. g4 Bg6 7. Ne2 c5 8. c3 Nc6
9. cxd4 cxd4 10. Qa4 e5 11. Nxe5 Bb4+ 12. Kd1 Nge7 13. f4 f6 14. Nxg6 Nxg6 15.
h4 Nge7 16. a3 Ba5 17. b4 Bb6 18. Bd2 a6 19. Qb3 Bc7 20. Qe6 b5 21. g5 a5 22.
Rc1 Qd6 23. Bh3 axb4 24. axb4 Ra3 25. Rc5 Rxd3 26. Rxb5 Rf8 27. gxf6 Qxe6 28.
Bxe6 Rxf6 29. f5 g6 30. Nc1 Rg3 31. Bg5 Rxe6 32. fxe6 d3 33. Rf1 Nd4 34. Rb7
Nxe6 35. Rxc7 Nxc7 36. Bf4 Rg4 37. Bxc7 Rxe4 38. Rf4 Re6 39. Rd4 Nf5 40. Rd8+
Ke7 41. Rh8 1-0

[Event "Elit(Farsta-Wasa)"]
[Site "?"]
[Date "2023.01.21"]
[Round "4"]
[White "Degerman, Lars"]
[Black "Meshkovs, Nikita"]
[Result "0-1"]
[WhiteElo "2432"]
[BlackElo "2576"]
[PlyCount "48"]
[SourceVersionDate "2023.02.08"]

1. e4 c5 2. Nf3 Nc6 3. Bb5 e6 4. Bxc6 bxc6 5. O-O Ne7 6. Re1 Ng6 7. e5 Be7 8.
Nc3 O-O 9. b3 f6 10. exf6 Bxf6 11. Bb2 Bd4 12. Na4 Nh4 13. Re4 Nxf3+ 14. gxf3
d6 15. c3 Bf6 16. d4 e5 17. dxe5 Bxe5 18. c4 Qg5+ 19. Kh1 Bh3 20. Qg1 Qf6 21.
Qg3 Bxb2 22. Nxb2 Qxb2 23. Rg1 Bf5 24. Re7 Bg6 0-1

[Event "Elit(Rockaden, Sthlm-Vasteras)"]
[Site "?"]
[Date "2023.01.21"]
[Round "4"]
[White "Carlsson, Ludvig"]
[Black "Blomqvist, Erik"]
[Result "1-0"]
[WhiteElo "2349"]
[BlackElo "2538"]
[PlyCount "51"]
[SourceVersionDate "2023.02.03"]

1. d4 d5 2. c4 dxc4 3. e3 Nf6 4. Bxc4 e6 5. Nf3 c5 6. O-O a6 7. dxc5 Bxc5 8.
Qxd8+ Kxd8 9. Be2 Ke7 10. Ne5 Nbd7 11. Nd3 Bd6 12. Nd2 b5 13. a4 Rb8 14. axb5
axb5 15. Nb3 Bb7 16. Nd4 b4 17. Bd2 Bd5 18. Rfc1 b3 19. f3 Rhc8 20. Rxc8 Rxc8
21. e4 Bc4 22. Rc1 Ba6 23. Rxc8 Bxc8 24. Nc6+ Ke8 25. e5 Bb7 26. Na5 1-0

[Event "Elit(Farsta-Wasa)"]
[Site "?"]
[Date "2023.01.21"]
[Round "4"]
[White "Berg, Emanuel"]
[Black "Namini, Armin"]
[Result "1-0"]
[WhiteElo "2506"]
[BlackElo "2189"]
[PlyCount "101"]
[SourceVersionDate "2023.02.08"]

1. e4 c5 2. Nf3 d6 3. d4 cxd4 4. Nxd4 Nf6 5. Nc3 Nc6 6. Bg5 e6 7. Qd2 a6 8.
O-O-O Bd7 9. f3 Nxd4 10. Qxd4 Be7 11. Kb1 Qc7 12. Qd2 b5 13. Bd3 b4 14. Ne2 a5
15. Nd4 Rb8 16. g4 a4 17. Be3 a3 18. g5 Nh5 19. b3 e5 20. Ne2 O-O 21. Rc1 Be6
22. c3 Qb7 23. cxb4 d5 24. Bc5 Rfd8 25. Qe3 Bxc5 26. Qxc5 Qxb4 27. Qxb4 Rxb4
28. Rhd1 dxe4 29. Bxe4 Rxd1 30. Rxd1 f5 31. gxf6 Nxf6 32. Rd8+ Kf7 33. Nc3 g5
34. Ra8 g4 35. Ra7+ Kf8 36. Rxa3 gxf3 37. Bxf3 Rh4 38. Bd1 h5 39. Ra5 e4 40. b4
Rh3 41. Rc5 Ke7 42. b5 Nd7 43. Rc7 Kd8 44. Rc6 Bf5 45. Bc2 h4 46. a4 Rxh2 47.
a5 Ne5 48. a6 Nxc6 49. bxc6 Rxc2 50. Kxc2 e3+ 51. Kc1 1-0

[Event "Elit(Rockaden, Sthlm-Vasteras)"]
[Site "?"]
[Date "2023.01.21"]
[Round "4"]
[White "Seo, Jung Min"]
[Black "Norberg, Johan"]
[Result "1-0"]
[WhiteElo "2516"]
[BlackElo "2279"]
[PlyCount "103"]
[SourceVersionDate "2023.02.03"]

1. d4 d6 2. e4 Nf6 3. Nc3 g6 4. Be3 c6 5. f3 b5 6. Qd2 h5 7. O-O-O Bg7 8. Nge2
Nbd7 9. e5 b4 10. exf6 bxc3 11. Qxc3 Nxf6 12. Qxc6+ Bd7 13. Qa6 Nd5 14. Bd2 O-O
15. Nf4 Nxf4 16. Bxf4 Rb8 17. Bc4 Qc7 18. Bb3 Rfc8 19. Kb1 Bb5 20. Qa3 Bc4 21.
Rd2 a5 22. Rc1 e5 23. Be3 a4 24. Bxc4 Qxc4 25. Qd3 d5 26. Qxc4 dxc4 27. c3 exd4
28. cxd4 a3 29. Rc3 Bf8 30. Rdc2 Bd6 31. g3 f5 32. Bc1 axb2 33. Bxb2 Rb4 34. a3
Ra4 35. Re3 Kf7 36. Rce2 f4 37. gxf4 Bxf4 38. Re7+ Kf6 39. R2e6+ Kf5 40. Re4 g5
41. d5 Ra6 42. Be5 c3 43. Kc2 Rxa3 44. Rf7+ Kg6 45. Rf6+ Kh7 46. Bxf4 gxf4 47.
Re7+ Kg8 48. Rc6 Rd8 49. d6 Ra5 50. d7 Kf8 51. Rh7 Kg8 52. Rch6 1-0

[Event "Elit(Farsta-Wasa)"]
[Site "?"]
[Date "2023.01.21"]
[Round "4"]
[White "Ong, Kezli"]
[Black "Cramling, Pia"]
[Result "1/2-1/2"]
[WhiteElo "2299"]
[BlackElo "2458"]
[PlyCount "196"]
[SourceVersionDate "2023.02.08"]

1. e4 c5 2. Nf3 Nc6 3. Bb5 e6 4. O-O Nge7 5. Re1 Nd4 6. Bf1 Nec6 7. c3 Nxf3+ 8.
Qxf3 Be7 9. Qd1 d5 10. d3 e5 11. Nd2 Be6 12. exd5 Qxd5 13. Nc4 O-O 14. Qe2 Bf6
15. g3 Rad8 16. Be3 b6 17. Rad1 Rfe8 18. a3 Qd7 19. Bg2 Rc8 20. b4 cxb4 21.
axb4 g6 22. Bxb6 axb6 23. Nxb6 Qd6 24. Nxc8 Rxc8 25. b5 Ne7 26. c4 Nf5 27. Rb1
Nd4 28. Qa2 Bd8 29. Qa6 Bb6 30. h3 Rb8 31. Kh2 Bf5 32. Rbd1 Qc5 33. Qa2 Be6 34.
Qd2 Kg7 35. Qe3 Bc7 36. Ra1 Qe7 37. Ra2 Nxb5 38. Rb1 Nd4 39. Rxb8 Bxb8 40. Ra8
Bc7 41. Ra7 Qc5 42. Rb7 Bd6 43. h4 h5 44. Qe4 Nf5 45. Rb2 Nh6 46. Bf3 Ng4+ 47.
Kg2 Nf6 48. Qe3 Qxe3 49. fxe3 e4 50. Bxe4 Nxe4 51. dxe4 Bxc4 52. Kf3 Be6 53.
Rb5 Kf6 54. Ra5 Bg4+ 55. Kf2 Ke6 56. Rb5 f6 57. Ra5 Be7 58. Rb5 g5 59. hxg5
fxg5 60. Kg2 Bf6 61. Ra5 Be5 62. Ra6+ Bd6 63. Ra5 Be7 64. Rb5 Be2 65. Rd5 Bc4
66. Ra5 Bf6 67. Kf3 Be5 68. Ra4 Bd3 69. Rb4 Bc2 70. Rb6+ Bd6 71. Rb5 g4+ 72.
Kf2 Bxe4 73. Rxh5 Be5 74. Rg5 Bf3 75. Rg8 Kd5 76. Ra8 Bd6 77. Ra4 Bc5 78. Rf4
Bd1 79. Rf5+ Kc4 80. Rf7 Bd6 81. Rd7 Kd5 82. Rd8 Bf3 83. Rd7 Bd1 84. Rd8 Bc2
85. Rg8 Bf5 86. Ra8 Bc5 87. Re8 Be6 88. Ra8 Ke4 89. Re8 Ke5 90. Ra8 Bd7 91. Rd8
Bf5 92. Re8+ Kd5 93. Ke2 Bd7 94. Rd8 Ke6 95. Kf2 Bd6 96. Ra8 Ke5 97. Rd8 Be6
98. Re8 Kf5 1/2-1/2

[Event "Elit(Rockaden, Sthlm-Vasteras)"]
[Site "?"]
[Date "2023.01.21"]
[Round "4"]
[White "Landgren, Andreas"]
[Black "Sorensen, Hampus"]
[Result "0-1"]
[WhiteElo "2236"]
[BlackElo "2439"]
[PlyCount "92"]
[SourceVersionDate "2023.02.03"]

1. d4 d5 2. c4 c6 3. Nf3 Nf6 4. Nc3 e6 5. e3 a6 6. c5 Nbd7 7. Be2 g6 8. O-O Bg7
9. Rb1 Qc7 10. b4 O-O 11. Bb2 Re8 12. Na4 Ne4 13. Nd2 Nxd2 14. Qxd2 e5 15. dxe5
Bxe5 16. Bxe5 Rxe5 17. Nc3 Nf6 18. h3 Qe7 19. Rbe1 Bd7 20. Bd3 Re8 21. Re2 Bf5
22. Bxf5 Rxf5 23. Rfe1 Re5 24. f3 Nh5 25. e4 Ng3 26. Re3 d4 27. Qxd4 Nf5 28.
Qd2 Nxe3 29. Qxe3 f5 30. f4 Re6 31. e5 g5 32. g3 gxf4 33. gxf4 Rd8 34. Ne2 Rg6+
35. Kh2 Qh4 36. Rg1 Rxg1 37. Nxg1 Qe7 38. Nf3 Qe6 39. a3 h6 40. h4 Rd1 41. Qe2
Rd7 42. h5 Qd5 43. Nh4 Qd4 44. Qg2+ Kf8 45. Ng6+ Ke8 46. Qc2 Qe3 0-1

[Event "Elit(Farsta-Wasa)"]
[Site "?"]
[Date "2023.01.21"]
[Round "4"]
[White "Engqvist, Thomas"]
[Black "Lindeman, Sven"]
[Result "1/2-1/2"]
[WhiteElo "2345"]
[BlackElo "2160"]
[PlyCount "101"]
[SourceVersionDate "2023.02.08"]

1. Nf3 Nf6 2. g3 g6 3. b3 Bg7 4. Bb2 O-O 5. Bg2 c5 6. c4 d5 7. cxd5 Nxd5 8.
Bxg7 Kxg7 9. O-O Nc6 10. d4 cxd4 11. Nxd4 Nxd4 12. Qxd4+ Nf6 13. Qe3 Qb6 14.
Qxb6 axb6 15. Nc3 Rd8 16. Rfd1 Rxd1+ 17. Rxd1 Ra5 18. b4 Ra3 19. Rc1 Be6 20.
Rc2 Bf5 21. Rc1 Be6 22. Rc2 Bf5 23. e4 Be6 24. h3 Nd7 25. f4 f6 26. h4 Nb8 27.
Nd5 Nc6 28. b5 Bxd5 29. exd5 Nd4 30. Rc7 Kf8 31. d6 exd6 32. Rxb7 Nxb5 33. Rxb6
Nc3 34. Rxd6 Ke7 35. Rb6 Rxa2 36. Rb7+ Ke6 37. Rxh7 Ne2+ 38. Kh2 Ra3 39. Bh3+
f5 40. h5 Kf6 41. h6 Ra8 42. Bg2 Rd8 43. Ra7 Nc3 44. Bf1 Ne4 45. Bc4 g5 46. h7
Rd2+ 47. Kg1 Rd1+ 48. Kg2 Rd2+ 49. Kg1 Rd1+ 50. Kg2 Rd2+ 51. Kg1 1/2-1/2